MARC

LEADER 00000nam0a2200000 4500
001 76924
005 20231031091954.0
020 |a RU  |b 83-80624 
035 |a (RuTPU)RU\TPU\book\82488 
090 |a 76924 
100 |a 20050506d1983 k y0rusy5003 ca 
101 1 |a rus  |c bul 
102 |a RU 
105 |a a z 001zy 
200 1 |a Аналоговые гидроусилители  |e пер. с болг.  |f Й. Й. Беязов 
210 |a Ленинград  |c Машиностроение  |d 1983 
215 |a 151 с.  |c ил. 
305 |a Перевод изд.: Аналогови хидроусилватели / Йордан Й. Беязов (София, 1979) 
320 |a Список литературы: с. 149-150 
610 0 |a Усилители гидравлические 
610 1 |a гидроавтоматика 
610 1 |a гидроусилители 
610 1 |a гидравлические усилители 
610 1 |a обратная связь 
610 1 |a классификация 
610 1 |a элементы 
610 1 |a устройства 
610 1 |a сопла 
610 1 |a статика 
610 1 |a динамика 
610 1 |a применение 
610 1 |a жидкости 
610 1 |a фильтрование 
675 |a 681.523  |z rus 
700 1 |a Беязов  |b Й. Й.  |g Йордан Йорданов 
702 1 |a Нейковский  |b С. И.  |4 730 
801 0 |a RU  |b RuMRKP  |c 19950704  |g psbo 
801 1 |a RU  |b 63413507  |c 20050506  |g PSBO 
801 2 |a RU  |b 63413507  |c 20150404  |g PSBO 
942 |c BK